000 00882aam a2200289 i 4500
001 313
003 CO-MdBIC
005 20211002095602.0
008 211002t2000 ck ||||| |||| 00| 0 eng d
020 _a958-9289-10-X
040 _bspa.
_aCO-MdFUSB
_cCO-MdFUSB
_dCO-MdFUSBC
_erda
041 _aspa
082 0 4 _aR 413.61 S4864o
100 1 _aSerna M., J. Alberto
245 1 0 _aCómo enriquecer el vocabulario y dinamizar la ortografía mediante la aplicación de la "Ley de la afinidad" / J. Alberto Serna
_c/
260 _aBogotá, Colombia : Idioma
264 1 _aBogotá, Colombia :
_bIdioma,
_c[2000]
264 4 _c© 2000
300 _a324 Pág.
_c;
336 _2rdacontent
_atexto
_btxt
337 _2rdamedia
_asin mediación
_bn
338 _2rdacarrier
_avolumen
_bnc
653 _aLingüística
653 _aOrtografía
942 _cBK
945 _aEstudiante
999 _c31849
_d31849